Marketing strategies for managing products and brands in the international market

Elmentve itt :
Bibliográfiai részletek
Szerző: Thékesné Németh Anikó
Dokumentumtípus: Vegyes gyűjtemény
Kulcsszavak:marketing
Tárgyszavak:
Online Access:http://eta.bibl.u-szeged.hu/876
LEADER 00714npc a2200181 i 4500
001 eta876
005 20181201075226.0
008 181201suuuu hu o 0|| hun d
040 |a SZTE Elektronikus Tananyag Archívum  |b hun 
041 |a hun 
100 2 |a Thékesné Németh Anikó 
245 1 0 |a Marketing strategies for managing products and brands in the international market  |h [elektronikus dokumentum] /  |c  Thékesné Németh Anikó 
650 4 |a Társadalomtudományok 
650 4 |a Közgazdasági és gazdálkodástudományok 
650 4 |a Gazdálkodás és menedzsment 
650 4 |a Marketing 
695 |a marketing 
856 4 0 |u https://eta.bibl.u-szeged.hu/876/1/2011-0013_nemeth_marketing_strategies.zip  |z Dokumentum-elérés